000 01748cam a2200313 4500500
005 20251228073439.0
041 _afre
042 _adc
100 1 0 _aGiraud, Paul-Henri
_eauthor
245 0 0 _aOctavio Paz et le tantrisme.
260 _c2007.
500 _a11
520 _aRésuméL’ek-stase, selon Paz, ne se situe pas dans l’écriture ou la lecture, dans la contemplation des images ou dans l’acte charnel : elle est un au-delà des mots, des images et des corps, lesquels se trouvent abolis dans le silence, dans l’illumination, dans la « Vacuité » du « non-corps ». Cet article s’appuie sur les essais et les poèmes écrits par Octavio Paz entre 1962 et 1973, à une époque où la philosophie et l’art tantriques constituent l’une de ses principales sources d’inspiration.
520 _aAccording to Paz, ecstasy cannot be achieved in writing or reading, nor in the contemplation of images or in the carnal act: it lies beyond words, images and bodies, which vanish in the silence, illumination and void of ‘no-body’. The paper focusses on essays and poems written by Paz between 1962 and 73, when philosophy and Tantrism were his main sources of inspiration.
690 _abouddhisme
690 _acalligramme
690 _ahindouisme
690 _apoésie concrète
690 _apoésie contemporaine
690 _aTantrisme
690 _aBuddhism
690 _acalligram
690 _aconcrete poetry
690 _acontemporary poetry
690 _aHinduism
690 _aTantrism
786 0 _nSavoirs et clinique | 8 | 1 | 2007-10-18 | p. 135-142 | 1634-3298
856 4 1 _uhttps://shs.cairn.info/revue-savoirs-et-cliniques-2007-1-page-135?lang=fr&redirect-ssocas=7080
999 _c1595225
_d1595225